Euroopan maat, joissa on vähiten yöpyjiä - Statistics

Yleistilastot
  • Tätä visaa on pelattu 125 kertaa
  • Keskiarvotulos 7 / 10
Vastaustilastot
Yöpyjiä Maa % Oikein
erittäin vähän Vatikaani
87%
78,000 San Marino
80%
79,000 Liechtenstein
77%
9,597 Kosovo
70%
355,000 Monaco
69%
1,046,000 Luxemburg
68%
145,000 Moldova
65%
922,000 Bosnia ja Hertsegovina
62%
1,497,000 Serbia
56%
631,000 Pohjois-Makedonia
55%
Ehtoja vastaavia visoja ei löytynyt
Tulosjakauma
Jokaisen tuloksen saaneiden osuus
Persentiili vastausten määrän mukaan
Tuloshistoriasi
Et ole pelannut tätä visaa